000 00549nam a2200193 i 4500
001 129468
003 ES-MaACL
005 20230906193515.0
007 t|
008 070615s1949 sp ||||1| spa d
080 _a82-311.6"19"
100 1 _aThane, Elswyth.
_9109864
245 1 0 _aLocura de reina /
_cElswyth Thane ; traducción del inglés por Víctor Scholz.
250 _a1ª ed.
260 _aBarcelona :
_bPlaneta,
_c1949.
300 _a214 p. ;
_c17 cm.
700 1 _aScholz, Víctor.
_9104643
852 _aES-MaACL
_jB-12949
_bR.28512
999 _c129468
_d129468